Music Quiz

Random Music or Numbers Quiz

Multiple #1 Songs (2000s) Quiz Stats

 Plays Quiz Updated Oct 23, 2020

     
Support Sporcle.
Go Orange.
Score 0/41 Timer 10:00
1 Play Today
Number Artist % Correct
5Beyoncé
78.1%
3Jay-Z
72%
2Britney Spears
68.6%
5Rihanna
63.1%
2Eminem
62.3%
4Justin Timberlake
60.8%
2Lady Gaga
60.2%
3T.I.
52.2%
3Kanye West
51.1%
7Usher
51%
2Black Eyed Peas
48.1%
4Mariah Carey
46.3%
3Christina Aguilera
45.6%
450 Cent
44.1%
2Lil Wayne
43.9%
4Nelly
39.7%
2Kelly Clarkson
37.9%
2Chris Brown
36%
2Pink
33.5%
4Alicia Keys
33.4%
3Destiny's Child
29%
Number Artist % Correct
3Fergie
28.8%
2Timbaland
28.2%
2Janet Jackson
28%
2Snoop Dogg
27.1%
3Nelly Furtado
24.4%
4Ludacris
23.7%
2P. Diddy
23.1%
3T-Pain
22.9%
2Akon
22.5%
2Flo Rida
21.5%
3Jennifer Lopez
20.1%
3OutKast
17.6%
3Sean Paul
12.6%
3Ja Rule
11.6%
2Ashanti
10%
2Jamie Foxx
9.1%
2Santana
8%
2Pharrell
6.7%
2Shaggy
6.5%
2Joe
3.4%

From the Vault

Criteria Animal Species

by mic747

Science 8m
This is no time to monkey around. Unless of course you are a monkey, in which case, carry on.
Remove Ads.
Support Sporcle.
Get the best of Sporcle when you Go Orange. This ad-free experience offers more features, more stats, and more fun while also helping to support Sporcle. Thank you for becoming a member.

Show Comments

Extras

Top Quizzes Today


Score Distribution

Your Account Isn't Verified!

In order to create a playlist on Sporcle, you need to verify the email address you used during registration. Go to your Sporcle Settings to finish the process.

Report this User

Report this user for behavior that violates our Community Guidelines.

Details: